Fred Astaire's dance style : a study of Top hat (1935) and Silk stockings (1957) /

Bibliographic Details
Main Author: Yost-Jones, Jennifer Anne
Format: Thesis Microform Book
Language:English
Published: [Place of publication not identified] : [publisher not identified] ; 1986.
Subjects:

MARC

Tag First Indicator Second Indicator Subfields
LEADER 00000cam a2200000 a 4500
001 in00000019521
005 20151007053637.0
007 he bmb|||||||
008 880511r19881986orua bb 00010 eng d
035 |a (OCoLC)17937287 
035 |9 AAB2332AM 
040 |a ORU  |c XBM  |d XBM  |d HPE  |d TXA  |d UtOrBLW 
049 |a TXAI 
099 |a fiche  |a C  |a 10619 
100 1 |a Yost-Jones, Jennifer Anne. 
245 1 0 |a Fred Astaire's dance style :  |b a study of Top hat (1935) and Silk stockings (1957) /  |c by Jennifer Anne Yost-Jones. 
264 1 |a [Place of publication not identified] :  |b [publisher not identified] ;  |c 1986. 
300 |a vi, 114 leaves :  |b illustrations 
336 |a text  |b txt  |2 rdacontent 
337 |a microform  |b h  |2 rdamedia 
338 |a microfiche  |b he  |2 rdacarrier 
502 |b M.A.  |c Texas Woman's University  |d 1986. 
504 |a Bibliography: leaves 75-78. 
533 |a Microfiche.  |b Eugene :  |c Microform Publications, College of Human Development and Performance, University of Oregon,  |d 1988.  |e 2 microfiches : negative ; 11 x 15 cm. 
500 |a Microform. 
650 0 |a Dance in motion pictures, television, etc. 
600 1 0 |a Astaire, Fred. 
630 0 0 |a Top hat (Motion picture) 
630 0 0 |a Silk stockings (Motion picture) 
999 |a MARS 
999 f f |s a88b2985-4584-3f50-96ad-6c0c56fa0b06  |i f25ff24e-ee9c-313e-b3dd-fca9e5a34242  |t 0 
952 f f |p default  |a Texas A&M University  |b College Station  |c Sterling C. Evans Library  |d Evans: Microforms (3rd floor)  |t 0  |e fiche C 10619  |h Other scheme  |i microform -- microfiche 
998 f f |a fiche C 10619  |t 0  |l Evans: Microforms (3rd floor)